[Event "Paington op"]
[Site "Paignton"]
[Date "2011.09.07"]
[Round "4"]
[White "Gill, Neville BK"]
[Black "McMillan, Hamilton"]
[Result "1/2-1/2"]
[WhiteElo "2126"]
[BlackElo "2002"]
[PlyCount "106"]
[EventDate "2011.09.04"]
[EventType "swiss"]
[EventRounds "7"]
[EventCountry "ENG"]
[SourceTitle "CBM 144 Extra"]
[Source "ChessBase"]
[SourceDate "2011.10.28"]
[SourceVersion "1"]
[SourceVersionDate "2011.10.28"]
[SourceQuality "1"]

1. d4 d5 2. c4 c6 3. Nc3 Nf6 4. e3 Bf5 5. cxd5 cxd5 6. Qb3 Qb6 7. Nxd5 Nxd5 8. Qxd5 e6 9. Qb5+ Nc6 10. Bd2 Bd6 11. Nf3 0-0 12. a3 h6 13. Be2 Rac8 14. 0-0 e5 15. Rfc1 Be4 16. Qxb6 axb6 17. Bc3 exd4 18. Nxd4 Nxd4 19. Bxd4 Bc5 20. Bxc5 Rxc5 21. Rxc5 bxc5 22. Rd1 Bc6 23. Rd6 Rc8 24. f4 Kf8 25. Kf2 Ke7 26. Rd2 b5 27. Bf3 Bxf3 28. Kxf3 c4 29. Rd5 c3 30. bxc3 Rxc3 31. Rxb5 Rxa3 32. g4 Ra1 33. h4 Ra3 34. h5 f6 35. Ke4 Kf7 36. Rb7+ Kg8 37. Kf5 Kh7 38. e4 Rf3 39. e5 fxe5 40. Kxe5 Rg3 41. Kf5 Ra3 42. Re7 Ra5+ 43. Re5 Ra7 44. g5 hxg5 45. fxg5 Ra6 46. Kf4 Ra4+ 47. Re4 Ra5 48. Kg4 Ra1 49. Rd4 Rb1 50. Rd5 Ra1 51. Kf5 Ra6 52. Ke5 Rb6 53. Ra5 Rc6 1/2-1/2

[Event "Paington op"]
[Site "Paington"]
[Date "2009.09.10"]
[Round "5"]
[White "Blore, John D"]
[Black "McMillan, Hamilton"]
[Result "1/2-1/2"]
[WhiteElo "2024"]
[BlackElo "2003"]
[PlyCount "78"]
[EventDate "2009.09.06"]
[EventType "swiss"]
[EventRounds "7"]
[EventCountry "ENG"]
[SourceTitle "CBM 132 Extra"]
[Source "ChessBase"]
[SourceDate "2009.11.03"]
[SourceVersion "1"]
[SourceVersionDate "2009.11.03"]
[SourceQuality "1"]

1. e4 e5 2. Nc3 Nc6 3. Nf3 Nf6 4. d4 exd4 5. Nxd4 Bb4 6. Nxc6 bxc6 7. Bd3 d5 8. exd5 cxd5 9. 0-0 0-0 10. Bg5 c6 11. Qf3 h6 12. Bxf6 Qxf6 13. Qxf6 gxf6 14. Ne2 Bd6 15. Nd4 c5 16. Nb5 Be5 17. f4 Bb8 18. c4 Bb7 19. cxd5 Bxd5 20. Nc3 Bc6 21. Be4 Bxe4 22. Nxe4 Kg7 23. g3 a5 24. Nd2 Re8 25. Rfe1 Bc7 26. Nc4 f5 27. Kf2 Re4 28. Rxe4 fxe4 29. Rd1 Rd8 30. Rxd8 Bxd8 31. b3 f5 32. Ke3 Kf7 33. g4 fxg4 34. Ne5+ Ke6 35. Nxg4 Kd5 36. Nxh6 Bb6 37. Ke2 c4 38. bxc4+ Kxc4 39. Ng4 Bd4 1/2-1/2

[Event "Edinburg op"]
[Site "Edinburgh"]
[Date "2009.04.03"]
[Round "1"]
[White "McMillan, Hamilton"]
[Black "Ferry, Edward"]
[Result "0-1"]
[WhiteElo "2035"]
[BlackElo "1962"]
[PlyCount "102"]
[EventDate "2009.04.03"]
[EventType "swiss"]
[EventRounds "5"]
[EventCountry "SCO"]
[SourceTitle "CBM 130 Extra"]
[Source "ChessBase"]
[SourceDate "2009.07.02"]
[SourceVersion "2"]
[SourceVersionDate "2009.07.15"]
[SourceQuality "1"]

1. c4 c6 2. g3 Nf6 3. Bg2 d5 4. Nf3 Bf5 5. 0-0 Nbd7 6. cxd5 cxd5 7. Qa4 e6 8. Nc3 Be7 9. d3 0-0 10. Bf4 a6 11. Ne5 Nxe5 12. Bxe5 Nd7 13. Bf4 b5 14. Qd1 b4 15. Na4 Rc8 16. Rc1 Rxc1 17. Bxc1 Nb6 18. Bd2 Qd6 19. Nxb6 Qxb6 20. Qb3 Rc8 21. e4 dxe4 22. dxe4 Bg4 23. Be3 Qb5 24. h3 Be2 25. Re1 a5 26. Bf1 Bxf1 27. Rxf1 a4 28. Qd1 Bf6 29. b3 a3 30. Qd6 Rd8 31. Qc7 Qd7 32. Qc4 Bc3 33. Kg2 h6 34. Kf3 Rc8 35. Qe2 f5 36. Qd1 fxe4+ 37. Kg2 Qd5 38. Qg4 Rd8 39. Rc1 Qf5 40. Rc2 Qxg4 41. hxg4 Rd1 42. Bc5 Rb1 43. Re2 Rb2 44. Rxe4 Rxb3 45. Rxe6 Rb2 46. Rb6 Rxa2 47. g5 hxg5 48. Kf3 Rb2 49. Kg4 a2 50. Kf5 a1Q 51. Rb8+ Kh7 0-1

[Event "Beacon Seniors op"]
[Site "Exmouth"]
[Date "2008.11.21"]
[Round "5"]
[White "McMillan, Hamilton"]
[Black "Hannan, Peter"]
[Result "1-0"]
[WhiteElo "1832"]
[BlackElo "1680"]
[PlyCount "102"]
[EventDate "2008.11.17"]
[EventType "swiss"]
[EventRounds "5"]
[EventCountry "ENG"]
[SourceTitle "EXT 2011"]
[Source "ChessBase"]
[SourceDate "2010.11.26"]
[SourceVersion "1"]
[SourceVersionDate "2010.11.26"]
[SourceQuality "1"]

1. c4 Nf6 2. g3 g6 3. Bg2 Bg7 4. Nc3 d6 5. d3 e5 6. Bg5 h6 7. Bd2 c6 8. e4 Nbd7 9. Nge2 Nc5 10. Qc2 a5 11. 0-0 Nh5 12. h3 f5 13. f4 exf4 14. Nxf4 Nxf4 15. Bxf4 Bd4+ 16. Kh2 g5 17. Bd2 0-0 18. Ne2 Qf6 19. Nxd4 Qxd4 20. Bc3 Qxd3 21. Qxd3 Nxd3 22. Rad1 fxe4 23. Rxf8+ Kxf8 24. Bxe4 Nc5 25. Bg6 Ke7 26. Rf1 Be6 27. b3 Rf8 28. Rxf8 Kxf8 29. Bxa5 Kg7 30. Bc2 d5 31. cxd5 Bxd5 32. Bf5 Kf6 33. Bc8 Be6 34. Bc3+ Kg6 35. Bxe6 Nxe6 36. Kg2 Kh5 37. Kf2 Nc5 38. g4+ Kg6 39. Ke3 Ne6 40. Be5 h5 41. b4 b5 42. Ke4 Nf8 43. Bc3 Ne6 44. Ke5 Nf4 45. Kd6 Nxh3 46. gxh5+ Kxh5 47. Kxc6 Nf4 48. Kxb5 g4 49. Be1 Nh3 50. a4 Ng1 51. a5 Ne2 1-0

[Event "Paington op"]
[Site "Paington"]
[Date "2008.09.03"]
[Round "4"]
[White "McMillan, Hamilton"]
[Black "Brusey, Alan W"]
[Result "1/2-1/2"]
[WhiteElo "1832"]
[BlackElo "2078"]
[PlyCount "103"]
[EventDate "2008.08.31"]
[EventType "swiss"]
[EventRounds "7"]
[EventCountry "ENG"]
[SourceTitle "EXT 2010"]
[Source "ChessBase"]
[SourceDate "2010.11.25"]
[SourceVersion "1"]
[SourceVersionDate "2010.11.25"]
[SourceQuality "1"]

1. c4 c6 2. g3 d5 3. Bg2 Nf6 4. Nf3 Bf5 5. 0-0 e6 6. cxd5 cxd5 7. Qb3 Qc7 8. d3 Nc6 9. Nc3 a6 10. Bf4 Bd6 11. Bxd6 Qxd6 12. Rfe1 Qb4 13. Qxb4 Nxb4 14. Rac1 0-0 15. Nd4 Bg6 16. a3 Nc6 17. Nxc6 bxc6 18. Na4 Rac8 19. Rc3 Nd7 20. Rec1 Nb8 21. d4 Rfe8 22. e3 Re7 23. Rb3 Ra7 24. Nc5 Kf8 25. Rb6 Ke7 26. Bf1 a5 27. Rb7+ Rxb7 28. Nxb7 a4 29. Nc5 Nd7 30. Nxa4 Kd6 31. Nc5 f6 32. f4 Nxc5 33. dxc5+ Kc7 34. Rc3 Rb8 35. b4 e5 36. Bd3 d4 37. exd4 exd4 38. Rb3 Bf7 39. Rb2 Ra8 40. Re2 Bd5 41. Bxh7 Rxa3 42. Bf5 Rb3 43. Re7+ Kd8 44. Rd7+ Ke8 45. Rb7 d3 46. Rb8+ Ke7 47. Rb7+ Kd8 48. Rd7+ Ke8 49. Rc7 d2 50. Rc8+ Ke7 51. Rc7+ Kd8 52. Rc8+ 1/2-1/2